Visualizzazione normale
Vista MARC
- Hofmann M.
di Personal Name
Records bibliografici associati: 1
001 - CONTROL NUMBER
- control field: 23103
003 - CONTROL NUMBER IDENTIFIER
- control field: IT-RoPau
005 - DATE AND TIME OF LATEST TRANSACTION
- control field: 20140430124234.0
008 - FIXED-LENGTH DATA ELEMENTS
- fixed length control field: 140430|| aca||aabn | a|a d
040 ## - CATALOGING SOURCE
- Original cataloging agency: IT-RoPau
- Transcribing agency: IT-RoPau
100 ## - HEADING--PERSONAL NAME
- Personal name: Hofmann M.
- Miscellaneous information: Codice autore testo/musica SPICS: 21691
- Relator term: Autore testo/musica
- Name of part/section of a work: C'è che luna , c'è che mare
670 ## - SOURCE DATA FOUND
- Source citation: Work cat.: (IT-RoPau)102838: AA.VV. 794, Pubblicità (Ricchi & Poveri Lp Tlpx 182)